Statystyki dla 10 największych miast w Chinach

Kliknij tutaj aby rozwiązać quiz!

Ogólne statystyki

  • Ten quiz został rozwiązany 86 razy
  • Średni wynik to 4 z 10

Statystyki odpowiedzi

Liczba ludnościMiasta% Poprawnych
16 450 000Pekin
100%
20 220 000Szanghaj
95%
7 540 000Wuhan
73%
10 640 000Kanton
68%
6 320 000Chengdu
26%
6 260 000Chongqing
23%
9 290 000Tiencin
20%
10 360 000Shenzhen
14%
7 270 000Dongguan
3%
6 770 000Foshan
1%

Rozkład punktacji

Percentyl według liczby udzielonych odpowiedzi

Procent ludzi z każdym wynikiem

Twoja historia wyników

Nie rozwiązałeś tego quizu